| 000 | 00782nam a2200229 u 4500 | ||
|---|---|---|---|
| 005 | 20240309063628.0 | ||
| 008 | 140904s2008 ea r 000 0 spa d | ||
| 020 | _a9781404844889 | ||
| 035 | _aUPN01000199332 | ||
| 049 | _aI | ||
| 050 | 4 |
_aPZ7 _bK5.5 |
|
| 100 | 1 |
_aKlein, Adria Fay, _d1947- _936044 |
|
| 245 | 1 | 0 |
_aMax va al doctor / _cAdria F. Klein ; il. Marnie Gallagher-Cole ; tr. Clara Lozano. |
| 260 |
_aMinneapolis, E.U.A. : _bPicture Window Books, _c2008. |
||
| 300 |
_a24 p. : _bprincipalmente il., col. |
||
| 440 | 0 |
_aRead-it! Readers. _pNivel Morado |
|
| 534 |
_pTraducción de: _tMax goes to the doctor |
||
| 650 | 4 |
_aLibros y lectura para niños _92290 |
|
| 650 | 0 |
_aNiños _xSalud e Higiene _vLiteratura juvenil _922623 |
|
| 905 | _aInfantil | ||
| 999 |
_c171433 _d171433 |
||